Tekken 8 Characters Nationalities - Statistics

General Stats
  • This quiz has been taken 138 times
  • The average score is 15 of 18
Answer Stats
Character Nationality % Correct
Jin, Heihachi, Kazuya, + 5 more Japanese
99%
Alisa, Dragunov, (Jack-8)? Russian
99%
Leroy, Law, Paul, Bryan American
97%
Steve British
96%
Feng, Xiaoyu Chinese
96%
Victor French
95%
Hwoarang South Korean
94%
Eddy Brazilian
88%
King Mexican
88%
Claudio Italian
86%
Leo German
85%
Lidia Polish
80%
Lars Swedish
77%
Nina, Anna Irish
75%
Zafina Egyptian
69%
Shaheen Saudi Arabian
63%
Azucena Peruvian
62%
Lili Monégasque
58%
No matching quizzes found
Score Distribution
Percent of People with Each Score
Percentile by Number Answered
Your Score History
You have not taken this quiz